[Event "7. Torneo IRT Móstoles 2014"]
[Site "Mostoles ESP"]
[Date "2014.07.23"]
[Round "8.3"]
[White "De La Fuente Gonzalez, Francis"]
[Black "Sanchez Naranjo, Jose Manuel"]
[Result "1/2-1/2"]
[WhiteElo "2213"]
[BlackElo "2133"]
[PlyCount "32"]
[EventDate "2014.07.16"]
[EventType "swiss"]
[EventRounds "9"]
[EventCountry "ESP"]
[Source "lmi"]
[SourceDate "2014.07.16"]

1. Nf3 Nf6 2. c4 g6 3. g3 Bg7 4. Bg2 O-O 5. O-O d6 6. Nc3 c6 7. e4 e5 8. Rb1
Bg4 9. h3 Be6 10. d3 a5 11. Ng5 Bd7 12. a3 h6 13. Nf3 Na6 14. b4 axb4 15. axb4
Nc7 16. Be3 Ne6 1/2-1/2

[Event "7. Torneo IRT Móstoles 2014"]
[Site "Mostoles ESP"]
[Date "2014.07.23"]
[Round "8.4"]
[White "Alonso Abad, Enrique"]
[Black "Garcia Diaz, Victor"]
[Result "0-1"]
[WhiteElo "1939"]
[BlackElo "2151"]
[PlyCount "112"]
[EventDate "2014.07.16"]
[EventType "swiss"]
[EventRounds "9"]
[EventCountry "ESP"]
[Source "lmi"]
[SourceDate "2014.07.16"]

1. d4 Nf6 2. c4 e6 3. g3 d5 4. Nf3 Be7 5. Bg2 O-O 6. O-O dxc4 7. Qc2 a6 8. Qxc4
b5 9. Qc2 Bb7 10. Nc3 Nbd7 11. b3 c5 12. e3 cxd4 13. Nxd4 Bxg2 14. Kxg2 Rc8 15.
Qd3 Ne5 16. Qd2 Bb4 17. Nde2 Qa5 18. Qd4 Bxc3 19. Nxc3 Nc6 20. Qd2 Rfd8 21. Qe1
b4 22. Na4 Ne5 23. Qe2 Qb5 24. Qxb5 axb5 25. Nb2 Rc2 26. a4 bxa3 27. Rxa3 h6
28. Ra5 Rb8 29. h3 Ne4 30. Nc4 Nxc4 31. bxc4 bxc4 32. Ra1 Rb3 33. Ra3 Kh7 34.
Ra1 Kg6 35. Kf3 f5 36. g4 Rb6 37. gxf5+ exf5 38. h4 Nf6 39. Rg1+ Ng4 40. Rg2
Rd6 41. e4 h5 42. exf5+ Kxf5 43. Ra5+ Kg6 44. Rg5+ Kf7 45. Rxh5 Nf6 46. Rhg5
Rxc1 47. Rxg7+ Ke6 48. R2g6 Ke5 49. h5 Rh1 50. h6 Ne8 51. Rg5+ Kd4 52. Re7 Nf6
53. Rc7 Rxh6 54. Rgc5 Kd3 55. Rxc4 Nd5 56. Rg4 Nxc7 0-1

[Event "7. Torneo IRT Móstoles 2014"]
[Site "Mostoles ESP"]
[Date "2014.07.23"]
[Round "8.5"]
[White "Rodriguez De Castro, Ayar"]
[Black "Pablos Tenrero, Raquel"]
[Result "1-0"]
[WhiteElo "2123"]
[BlackElo "1965"]
[PlyCount "61"]
[EventDate "2014.07.16"]
[EventType "swiss"]
[EventRounds "9"]
[EventCountry "ESP"]
[Source "lmi"]
[SourceDate "2014.07.16"]

1. d4 Nf6 2. c4 e6 3. g3 Bb4+ 4. Bd2 Qe7 5. Bg2 Bxd2+ 6. Qxd2 Nc6 7. Nc3 d6 8.
Nf3 O-O 9. O-O e5 10. d5 Na5 11. b3 b6 12. Qc2 Bd7 13. Nd2 Rac8 14. Rfd1 c6 15.
dxc6 Bxc6 16. Nde4 Rfd8 17. Rd2 Ne8 18. Bh3 Rb8 19. Rad1 g6 20. Nd5 Bxd5 21.
Rxd5 Nc6 22. Qb2 Nd4 23. e3 Nf3+ 24. Kg2 Ng5 25. Nxg5 Qxg5 26. f4 Qh6 27. fxe5
Qxe3 28. exd6 Qe4+ 29. Kg1 h5 30. Qf2 g5 31. Bf5 1-0

[Event "7. Torneo IRT Móstoles 2014"]
[Site "Mostoles ESP"]
[Date "2014.07.23"]
[Round "8.6"]
[White "Alvarez Gonzalez, Eduardo"]
[Black "Aziz Ortego, Omar Luis"]
[Result "0-1"]
[WhiteElo "1797"]
[BlackElo "2116"]
[PlyCount "84"]
[EventDate "2014.07.16"]
[EventType "swiss"]
[EventRounds "9"]
[EventCountry "ESP"]
[Source "lmi"]
[SourceDate "2014.07.16"]

1. d4 Nf6 2. Nf3 d6 3. c4 Nbd7 4. Nc3 e5 5. e4 c6 6. Qc2 Be7 7. Be2 Qc7 8. O-O
Nf8 9. Bg5 Ng6 10. Rfc1 h6 11. Bxf6 Bxf6 12. d5 O-O 13. g3 Be7 14. Bd3 Nh8 15.
h4 g6 16. Qd2 Kg7 17. Kg2 f5 18. Ne2 c5 19. Rh1 Qd7 20. Nfg1 f4 21. Rf1 g5 22.
hxg5 hxg5 23. f3 Ng6 24. g4 a6 25. Nc3 Nh4+ 26. Kf2 Bd8 27. Qe2 Ba5 28. Rc1 Qc7
29. Nh3 Kg6 30. Rh2 Bd7 31. a4 Rf7 32. Qc2 Rh8 33. Rch1 Qc8 34. Be2 Rfh7 35.
Qd3 Rh6 36. Ng1 R8h7 37. Rh3 Kf6 38. R1h2 Ke7 39. Kf1 Kd8 40. Ke1 b5 41. axb5
axb5 42. Kf2 b4 0-1

[Event "7. Torneo IRT Móstoles 2014"]
[Site "Mostoles ESP"]
[Date "2014.07.23"]
[Round "8.7"]
[White "Mazo Fernandez, Roberto"]
[Black "Martin Rodriguez, Emilio"]
[Result "1/2-1/2"]
[WhiteElo "1875"]
[BlackElo "2087"]
[PlyCount "121"]
[EventDate "2014.07.16"]
[EventType "swiss"]
[EventRounds "9"]
[EventCountry "ESP"]
[Source "lmi"]
[SourceDate "2014.07.16"]

1. d4 d5 2. c4 c6 3. Nf3 Nf6 4. Nbd2 g6 5. g3 Bg7 6. Bg2 O-O 7. O-O Ne4 8. e3
Nxd2 9. Nxd2 a5 10. b3 dxc4 11. Nxc4 Be6 12. Bb2 a4 13. Qc2 Na6 14. bxa4 Rb8
15. Rfd1 Qc7 16. a3 Rfd8 17. Rac1 b5 18. Nd2 c5 19. dxc5 Bxb2 20. Qxb2 bxa4 21.
Qc3 Nxc5 22. Ne4 Rxd1+ 23. Rxd1 Na6 24. Qxc7 Nxc7 25. Nc5 Bb3 26. Rd4 e5 27.
Re4 f6 28. Nd7 Rd8 29. Nc5 Rb8 30. Nd7 Rd8 31. Nc5 Rd1+ 32. Bf1 Bd5 33. Rb4 Bf3
34. Rb2 Nd5 35. Nxa4 Kf7 36. h4 Ke6 37. Nc5+ Kd6 38. Na4 h5 39. e4 Bxe4 40. f4
exf4 41. gxf4 Bd3 42. Rf2 Ne3 43. Nb2 Rxf1+ 44. Rxf1 Bxf1 45. Kf2 Nf5 46. Kxf1
Nxh4 47. Kf2 Nf5 48. Nd3 Kd5 49. Kf3 Nd4+ 50. Kg3 Ke4 51. Nc5+ Kf5 52. Nd3 h4+
53. Kxh4 Ke4 54. Nc5+ Kxf4 55. a4 g5+ 56. Kh3 Kf3 57. Nd3 g4+ 58. Kh2 f5 59. a5
f4 60. a6 Nb5 61. Ne1+ 1/2-1/2

[Event "7. Torneo IRT Móstoles 2014"]
[Site "Mostoles ESP"]
[Date "2014.07.23"]
[Round "8.8"]
[White "Cabanas Bravo, Juan Andres"]
[Black "Navarro Moreno, Juan Carlos"]
[Result "0-1"]
[WhiteElo "2064"]
[BlackElo "1943"]
[PlyCount "114"]
[EventDate "2014.07.16"]
[EventType "swiss"]
[EventRounds "9"]
[EventCountry "ESP"]
[Source "lmi"]
[SourceDate "2014.07.16"]

1. e4 c5 2. Nf3 Nc6 3. d4 cxd4 4. Nxd4 Nf6 5. Nc3 a6 6. Be3 g6 7. f3 Bg7 8. Qd2
O-O 9. g4 b5 10. O-O-O Bb7 11. g5 Nh5 12. Nce2 Qa5 13. Qxa5 Nxa5 14. Ng3 e6 15.
Nxh5 gxh5 16. b3 Rac8 17. Bd3 d5 18. Rhg1 Rfd8 19. Ne2 Nc6 20. Bb6 Rd7 21. exd5
Nb4 22. Nf4 Nxa2+ 23. Kd2 Bxd5 24. Nxh5 Kh8 25. Nf6 Bxf6 26. gxf6 Bxf3 27. Rdf1
Bh5 28. Ba5 b4 29. Ra1 Nc3 30. Bxb4 Nd5 31. Ba3 Nf4 32. Bb2 Rcd8 33. Rg3 Bg6
34. Rxa6 Nxd3 35. cxd3 Bxd3 36. Rb6 Bg6+ 37. Kc3 Rc8+ 38. Kb4 Rd2 39. Rc3 Rg8
40. Bc1 Rxh2 41. Bf4 Rh4 42. Rc4 h5 43. Kc5 Re8 44. Kd6 Kh7 45. Kd7 Ra8 46. Ke7
Rh3 47. b4 Rd3 48. Bb8 Ra1 49. Rd6 Rb3 50. Rd8 Rab1 51. Bd6 e5 52. Bxe5 Rxb4
53. Rcc8 Kh6 54. Bc3 Rb7+ 55. Kd6 Kg5 56. Rc5+ Kg4 57. Bd2 Bf5 0-1

[Event "7. Torneo IRT Móstoles 2014"]
[Site "Mostoles ESP"]
[Date "2014.07.23"]
[Round "8.9"]
[White "Garcia-Ruiz Fuentes, Angel M"]
[Black "Marques Moro, Jose A"]
[Result "1-0"]
[WhiteElo "2059"]
[BlackElo "1896"]
[PlyCount "45"]
[EventDate "2014.07.16"]
[EventType "swiss"]
[EventRounds "9"]
[EventCountry "ESP"]
[Source "lmi"]
[SourceDate "2014.07.16"]

1. e4 e6 2. Nc3 d5 3. Nf3 Nf6 4. e5 Nfd7 5. d4 c5 6. dxc5 Bxc5 7. Bd3 Nc6 8.
Bf4 a6 9. Qe2 Nb4 10. O-O Nxd3 11. Qxd3 h6 12. Rad1 b5 13. Nxd5 O-O 14. Nc3 Qc7
15. Ne4 Be7 16. Bg3 Nb6 17. Nf6+ Bxf6 18. exf6 Qc4 19. fxg7 Kxg7 20. Qd6 Nd5
21. Rd4 Qxc2 22. Rg4+ Kh7 23. Qxf8 1-0

[Event "7. Torneo IRT Móstoles 2014"]
[Site "Mostoles ESP"]
[Date "2014.07.23"]
[Round "8.10"]
[White "Gomez Ferrer, Jesus"]
[Black "Baeza Escudero, Javier"]
[Result "1-0"]
[WhiteElo "2028"]
[BlackElo "1908"]
[PlyCount "65"]
[EventDate "2014.07.16"]
[EventType "swiss"]
[EventRounds "9"]
[EventCountry "ESP"]
[Source "lmi"]
[SourceDate "2014.07.16"]

1. e4 c5 2. Nf3 d6 3. Bb5+ Bd7 4. Bxd7+ Qxd7 5. O-O e6 6. Re1 Ne7 7. Nc3 Ng6 8.
d4 cxd4 9. Nxd4 Be7 10. f4 O-O 11. Be3 Nc6 12. Nb3 Rfd8 13. Qe2 Qe8 14. Rad1
Rd7 15. g3 Rad8 16. Qf2 b6 17. Qf3 Nb4 18. Qf2 d5 19. a3 Na6 20. exd5 exd5 21.
Qf3 Nc7 22. Bf2 Qf8 23. f5 Nh8 24. Nd4 Bf6 25. Nc6 Rd6 26. Nxd8 Qxd8 27. Bd4
Bxd4+ 28. Rxd4 f6 29. Red1 Nf7 30. Nxd5 Nb5 31. R4d2 Ne5 32. Qb3 a6 33. a4 1-0

[Event "7. Torneo IRT Móstoles 2014"]
[Site "Mostoles ESP"]
[Date "2014.07.24"]
[Round "9.1"]
[White "Moreno Ibanez, Miguel"]
[Black "De La Fuente Gonzalez, Francis"]
[Result "1/2-1/2"]
[WhiteElo "2175"]
[BlackElo "2213"]
[PlyCount "33"]
[EventDate "2014.07.16"]
[EventType "swiss"]
[EventRounds "9"]
[EventCountry "ESP"]
[Source "lmi"]
[SourceDate "2014.07.16"]

1. e4 e5 2. Nf3 Nf6 3. Nxe5 d6 4. Nf3 Nxe4 5. Nc3 Nxc3 6. dxc3 Be7 7. Bf4 Nc6
8. Qd2 Bg4 9. O-O-O Qd7 10. Re1 O-O-O 11. Nd4 Ne5 12. h3 Be6 13. Nxe6 Qxe6 14.
Kb1 Bf6 15. Be3 Nc4 16. Bxc4 Qxc4 17. Bg5 1/2-1/2

[Event "7. Torneo IRT Móstoles 2014"]
[Site "Mostoles ESP"]
[Date "2014.07.24"]
[Round "9.2"]
[White "Garcia Diaz, Victor"]
[Black "Renteria, Jorge"]
[Result "1-0"]
[WhiteElo "2151"]
[BlackElo "2304"]
[PlyCount "119"]
[EventDate "2014.07.16"]
[EventType "swiss"]
[EventRounds "9"]
[EventCountry "ESP"]
[Source "lmi"]
[SourceDate "2014.07.16"]

1. e4 d6 2. d4 Nf6 3. Nc3 e5 4. Nge2 Nbd7 5. g3 Be7 6. Bg2 c6 7. O-O O-O 8. h3
a6 9. g4 b5 10. Be3 Bb7 11. Ng3 b4 12. Nce2 d5 13. c3 a5 14. dxe5 Nxe5 15. Bd4
Nc4 16. b3 Na3 17. e5 Ne8 18. cxb4 axb4 19. Nf5 c5 20. Bb2 Nc7 21. Neg3 Ne6 22.
f4 Nb5 23. Bxd5 Bxd5 24. Qxd5 Nbd4 25. Qg2 Ra7 26. Nxe7+ Qxe7 27. f5 Nc7 28. f6
Qxe5 29. fxg7 Rfa8 30. Nf5 Nce6 31. Rae1 Qb8 32. Rxe6 fxe6 33. Nxd4 Qb6 34. Qf2
Rxg7 35. Ne2 e5 36. Bxe5 Re7 37. Qf4 Rae8 38. Ba1 h6 39. Ng3 c4+ 40. Bd4 Qc7
41. bxc4 Qxf4 42. Rxf4 Re1+ 43. Kg2 Ra8 44. Rf2 Rd1 45. Nf5 Kh7 46. Re2 Ra6 47.
Kg3 Rd3+ 48. Kh4 Rda3 49. Bc5 Rxa2 50. Rxa2 Rxa2 51. Bxb4 Ra4 52. Bd2 Rxc4 53.
Bxh6 Kg6 54. Be3 Kh7 55. Kg3 Rc3 56. h4 Rc4 57. h5 Ra4 58. g5 Ra3 59. g6+ Kg8
60. Kg4 1-0

[Event "7. Torneo IRT Móstoles 2014"]
[Site "Mostoles ESP"]
[Date "2014.07.24"]
[Round "9.3"]
[White "Cardenas Serrano, Sergio"]
[Black "Rodriguez De Castro, Ayar"]
[Result "1-0"]
[WhiteElo "2073"]
[BlackElo "2123"]
[PlyCount "93"]
[EventDate "2014.07.16"]
[EventType "swiss"]
[EventRounds "9"]
[EventCountry "ESP"]
[Source "lmi"]
[SourceDate "2014.07.16"]

1. d4 d5 2. c4 e6 3. Nc3 Nf6 4. Bg5 Be7 5. cxd5 exd5 6. e3 O-O 7. Bd3 c6 8. Qc2
Nbd7 9. Nge2 Re8 10. O-O g6 11. Rad1 Nh5 12. Bf4 Ndf6 13. Rfe1 Bd6 14. Bxd6
Qxd6 15. e4 dxe4 16. Nxe4 Nxe4 17. Bxe4 Bg4 18. f3 Be6 19. b3 Rad8 20. Qc5 Qb8
21. Nc3 Rd7 22. Qe5 Qd8 23. Qc5 b6 24. Qa3 Rxd4 25. Bxc6 Bd7 26. Rxd4 Rxe1+ 27.
Kf2 Qe8 28. Be4 Rh1 29. Qxa7 Bb5 30. Qxb6 Qe5 31. Rd8+ Kg7 32. Qd4 Qxd4+ 33.
Rxd4 Ba6 34. h3 Rf1+ 35. Ke3 f5 36. Bd3 f4+ 37. Ke4 Re1+ 38. Kd5 Bb7+ 39. Kc5
Nf6 40. Ne4 Bxe4 41. fxe4 g5 42. a4 h5 43. a5 Ra1 44. a6 g4 45. e5 Ra5+ 46. Bb5
Ne8 47. b4 1-0

[Event "7. Torneo IRT Móstoles 2014"]
[Site "Mostoles ESP"]
[Date "2014.07.24"]
[Round "9.4"]
[White "Sanchez Naranjo, Jose Manuel"]
[Black "Quintero Torres, Pedro"]
[Result "1/2-1/2"]
[WhiteElo "2133"]
[BlackElo "2014"]
[PlyCount "70"]
[EventDate "2014.07.16"]
[EventType "swiss"]
[EventRounds "9"]
[EventCountry "ESP"]
[Source "lmi"]
[SourceDate "2014.07.16"]

1. Nf3 d5 2. g3 Nf6 3. Bg2 g6 4. c4 c6 5. cxd5 cxd5 6. Nc3 Bg7 7. O-O O-O 8. d4
e6 9. Bf4 Nh5 10. Bg5 Bf6 11. Be3 Nc6 12. Rc1 Ng7 13. Bh6 Re8 14. e4 dxe4 15.
Nxe4 Be7 16. Qd2 Nf5 17. Rfd1 Nd6 18. Ne5 Nxe4 19. Bxe4 Nxe5 20. dxe5 Qxd2 21.
Bxd2 Rb8 22. Be3 b6 23. Rc7 Bc5 24. Bxc5 bxc5 25. b3 Rb4 26. Bc6 Rf8 27. Rxa7
Rb6 28. Rc7 Ba6 29. Be4 Rb4 30. f3 c4 31. bxc4 Rxc4 32. Rxc4 Bxc4 33. Rd2 Rb8
34. Rc2 Rb4 35. Kf2 Ra4 1/2-1/2

[Event "7. Torneo IRT Móstoles 2014"]
[Site "Mostoles ESP"]
[Date "2014.07.24"]
[Round "9.5"]
[White "Aziz Ortego, Omar Luis"]
[Black "Gomez Ferrer, Jesus"]
[Result "1-0"]
[WhiteElo "2116"]
[BlackElo "2028"]
[PlyCount "75"]
[EventDate "2014.07.16"]
[EventType "swiss"]
[EventRounds "9"]
[EventCountry "ESP"]
[Source "lmi"]
[SourceDate "2014.07.16"]

1. e4 c5 2. c4 e6 3. Nc3 a6 4. a3 Qc7 5. Nf3 Nc6 6. d4 Nxd4 7. Nxd4 cxd4 8.
Qxd4 d6 9. Be3 Nf6 10. Be2 e5 11. Qd2 Be6 12. Rc1 Rc8 13. O-O Be7 14. f3 O-O
15. b3 Qb8 16. Rfd1 Nd7 17. a4 b6 18. g4 Nc5 19. Rb1 Qa8 20. Qe1 h5 21. gxh5 f5
22. b4 Nd7 23. exf5 Rxf5 24. Bd3 Rxh5 25. Be4 Qb8 26. Nd5 Bh4 27. Qe2 Bf7 28.
a5 Re8 29. axb6 Bg5 30. c5 Bxe3+ 31. Qxe3 Qd8 32. c6 Nxb6 33. Nxb6 Re6 34. Rbc1
Qh4 35. Rd2 Rg5+ 36. Kh1 Rh6 37. c7 Be6 38. Bd5 1-0

[Event "7. Torneo IRT Móstoles 2014"]
[Site "Mostoles ESP"]
[Date "2014.07.24"]
[Round "9.6"]
[White "Navarro Moreno, Juan Carlos"]
[Black "Garcia-Ruiz Fuentes, Angel M"]
[Result "0-1"]
[WhiteElo "1943"]
[BlackElo "2059"]
[PlyCount "112"]
[EventDate "2014.07.16"]
[EventType "swiss"]
[EventRounds "9"]
[EventCountry "ESP"]
[Source "lmi"]
[SourceDate "2014.07.16"]

1. Nf3 Nf6 2. c4 g6 3. Nc3 Bg7 4. d4 c5 5. d5 e6 6. e4 exd5 7. exd5 O-O 8. Be2
a6 9. Be3 d6 10. h3 Re8 11. Qd2 b5 12. cxb5 axb5 13. Bxb5 Bd7 14. Bd3 Na6 15.
O-O Qb6 16. a3 Qb3 17. Bc2 Qb7 18. Rab1 Nc7 19. Rfd1 Nb5 20. Bf4 Nxc3 21. bxc3
Qa6 22. a4 Re2 23. Qd3 Rxc2 24. Qxc2 Bxa4 25. Qa2 Bxd1 26. Rb8+ Bf8 27. Rxa8
Qxa2 28. Rxa2 Bxf3 29. gxf3 Nxd5 30. Bxd6 Bxd6 31. Rd2 Nxc3 32. Rxd6 Ne2+ 33.
Kf1 Nf4 34. h4 Kg7 35. Ra6 Ne6 36. Ke2 Kf6 37. Ra7 Nd4+ 38. Ke3 Nf5+ 39. Ke4
Nxh4 40. Rc7 Nf5 41. Rc6+ Ke7 42. Rxc5 Ng7 43. Rc7+ Kf6 44. f4 h5 45. Ra7 Nf5
46. Ra6+ Kg7 47. Ke5 Nh6 48. Ke4 Ng4 49. f3 Nh6 50. Ra1 Nf5 51. Rg1 Kf6 52. Rg2
Ng7 53. Ra2 Nf5 54. Rg2 h4 55. Rg4 h3 56. Rg1 h2 0-1

[Event "7. Torneo IRT Móstoles 2014"]
[Site "Mostoles ESP"]
[Date "2014.07.24"]
[Round "9.7"]
[White "Romero Gomez, Juan Carlos"]
[Black "Mazo Fernandez, Roberto"]
[Result "1/2-1/2"]
[WhiteElo "1879"]
[BlackElo "1875"]
[PlyCount "29"]
[EventDate "2014.07.16"]
[EventType "swiss"]
[EventRounds "9"]
[EventCountry "ESP"]
[Source "lmi"]
[SourceDate "2014.07.16"]

1. e4 c5 2. c3 d5 3. exd5 Qxd5 4. d4 Nf6 5. Nf3 Bg4 6. Be2 e6 7. O-O Nc6 8. Be3
cxd4 9. cxd4 Bd6 10. h3 Bh5 11. Nc3 Qa5 12. Qb3 Qb4 13. Qc2 O-O 14. a3 Qa5 15.
b4 1/2-1/2

[Event "7. Torneo IRT Móstoles 2014"]
[Site "Mostoles ESP"]
[Date "2014.07.24"]
[Round "9.8"]
[White "Lopez De Turiso, Jose Angel"]
[Black "Dominguez Alcon, Victor"]
[Result "0-1"]
[WhiteElo "2165"]
[BlackElo "2167"]
[PlyCount "65"]
[EventDate "2014.07.16"]
[EventType "swiss"]
[EventRounds "9"]
[EventCountry "ESP"]
[Source "lmi"]
[SourceDate "2014.07.16"]

1. Nf3 Nf6 2. c4 g6 3. Nc3 Bg7 4. d4 O-O 5. e3 d6 6. Be2 Nbd7 7. O-O e5 8. Qc2
c6 9. b3 Re8 10. Bb2 e4 11. Nd2 Qe7 12. Rae1 Nf8 13. h3 h5 14. f3 Bh6 15. Ncxe4
Bxe3+ 16. Kh1 d5 17. Nc5 Qd6 18. f4 Bxf4 19. Bd3 Rxe1 20. Rxe1 b6 21. Na4 Ne6
22. Nf3 Bg3 23. Rf1 Nf4 24. Ne5 Nxd3 25. Qxd3 Ne4 26. Nxf7 Qf8 27. Bc1 Bf2 28.
Ne5 Bf5 29. Qd1 Ng3+ 30. Kh2 Nxf1+ 31. Qxf1 Bxd4 32. Qf4 Bxe5 33. Qxe5 0-1

[Event "7. Torneo IRT Móstoles 2014"]
[Site "Mostoles ESP"]
[Date "2014.07.24"]
[Round "9.9"]
[White "Martin Rodriguez, Emilio"]
[Black "Cabanas Bravo, Juan Andres"]
[Result "1-0"]
[WhiteElo "2087"]
[BlackElo "2064"]
[PlyCount "45"]
[EventDate "2014.07.16"]
[EventType "swiss"]
[EventRounds "9"]
[EventCountry "ESP"]
[Source "lmi"]
[SourceDate "2014.07.16"]

1. d4 Nf6 2. c4 e5 3. dxe5 Ng4 4. Nf3 Bc5 5. e3 Nc6 6. Be2 O-O 7. O-O Re8 8.
Nc3 Ngxe5 9. b3 Nxf3+ 10. Bxf3 Ne5 11. Bb2 a5 12. Ne4 Bf8 13. Bh5 Ra6 14. f4
Ng6 15. Ng5 Rd6 16. Qf3 f6 17. Ne4 Rde6 18. Ng3 c6 19. Bd4 c5 20. f5 cxd4 21.
fxe6 Bc5 22. Bxg6 hxg6 23. Qd5 1-0